000
00332nam a2200145Ia 4500
008
230718s9999 xx 000 0 und d
041
_a
Eng.
082
_a
34901
_b
MEM-W
100
_a
Memullam, Jhon
245
0
_a
Warking time law
260
_a
Pakistan
_b
Sweet and Maxwell
_c
2001
300
_a
321
650
_a
Law
999
_c
28597
_d
28597